Dvorak /

Guardado en:
Autor Principal: Holoway, Graham
Formato: Deslizar
Series:Música maestro
Materias:
Etiquetas: Agregar Etiqueta
Sin Etiquetas, Sea el primero en etiquetar este registro!
LEADER 00956ngm a22002655g 4500
001 CEM.cems022433
008 130507b1999##################0###0#####d
005 20241101171648.0
245 1 0 |a Dvorak /  |c Graham Holoway. 
300 |a 53'. 
490 0 |a Música maestro 
500 |a En soporte VHS, consultar en ventanilla. 
505 0 |a Vida y obra de Anton Dvorak. Recorrido sobre sus principales obras, a través de ejemplos musicales extraídos de la Sinfonía del Nuevo Mundo, Danzas Eslavas, Concierto para Violoncelo, etc. 
538 |a Soporte: VHS - Norma: Pal N - Color: Si - Grabación DRD 1999 - Hitachi=0000 
100 1 |a Holoway, Graham 
082 7 8 |/ HOL-1 
653 |a MUSICA 
653 |a HISTORIA DE LA MUSICA 
653 |a DVORAK 
653 |a SINFONIA 
653 |a DANZA 
653 |a CONCIERTO 
653 |a NIVEL PRIMARIO 
653 |a NIVEL SECUNDARIO 
859 |a CEMS  |b BIB. CEMS - Depto. Recursos Didacticos  |h 785  |i HOL-1  |k DRD  |p 1076.12  |t Ej.1